000 00197nam a2200109Ia 4500
100 _aHALBERSTAM/DAVID
942 _cBK
245 _aRECKONING
260 _b#N/A
546 _aENGLISH
999 _c24277
_d24277